000 01071nam a2200229 a 4500
001 000994350
003 AM-YeHGA
005 20250618074237.0
008 131127s2013 ai r 000 0 arm d
020 _a9789994128341
040 _aAM-YeHGA
041 0 _aarm
100 1 _aԱվագյան, Աշոտ
_eկազմ.
_4com
245 1 0 _aՊանթուրքական երազանք կամ "Գորշ գայլեր" :
_bԸստ պատերազմում եղած նյութերի /
_cԿազմ.՝ Ա. Ավագյան; Առաջաբ.՝ Ռ. Սաֆրաստյան և ուրիշն.; Խմբ. և առաջաբ.՝ Զ. Մուղդուսյան.
260 _aԵ. :
_bԱսողիկ,
_c2013.
300 _a154 էջ :
_bլուսանկ., նկ.
504 _aՄատենագիտ. տողատ. ծանոթ. հայ, ռուս և անգլ.
650 1 4 _aՔաղաքականություն
_zԹուրքիա
_94807
700 1 _aՍաֆրաստյան, Ռուբեն Արամի,
_d1955-
_eառաջաբ.
_4aui
_93431
700 1 _aՄուղդուսյան, Զոհրապ
_eխմբ., առաջաբ.
_4edt
_4aui
090 _c331324
999 _c329570
_d329570